Norfolk Train Stations - Statistics

General Stats
  • This quiz has been taken 67 times
  • The average score is 19 of 31
Answer Stats
Main Operator Stations % Correct
Greater Anglia Norwich
95%
Greater Anglia Cromer
93%
Greater Anglia Great Yarmouth
93%
Greater Anglia Sheringham
88%
Great Northern King's Lynn
84%
Greater Anglia Diss
83%
Greater Anglia Thetford
76%
Greater Anglia Acle
72%
Greater Anglia North Walsham
71%
Greater Anglia Attleborough
69%
Greater Anglia Brundall
67%
Great Northern Downham Market
66%
Greater Anglia Wymondham
66%
Greater Anglia Berney Arms
64%
Greater Anglia Brundall Gardens
62%
Greater Anglia Reedham
60%
Greater Anglia Hoveton & Wroxham
57%
Greater Anglia Salhouse
57%
Greater Anglia Cantley
55%
Greater Anglia West Runton
55%
Greater Anglia Roughton Road
53%
Greater Anglia Brandon
52%
Greater Anglia Gunton
50%
Greater Anglia Lingwood
50%
Greater Anglia Haddiscoe
48%
Greater Anglia Buckenham
47%
Greater Anglia Spooner Row
45%
Great Northern Watlington
45%
Greater Anglia Eccles Road
43%
Greater Anglia Harling Road
41%
Greater Anglia Worstead
38%
No matching quizzes found
Score Distribution
Percent of People with Each Score
Percentile by Number Answered
Your Score History
You have not taken this quiz